Medicomarketing Writing: A Career for Health Science Students (Record no. 211790)
[ view plain ]
| 000 -LEADER | |
|---|---|
| fixed length control field | 00880nam a2200253 a 4500 |
| 005 - DATE AND TIME OF LATEST TRANSACTION | |
| control field | 20250613115848.0 |
| 010 ## - LCCN (DPL NO) | |
| LC control number | ENG-145353 |
| 020 ## - INTERNATIONAL STANDARD BOOK NUMBER | |
| International Standard Book Number | 9789352300860 |
| Terms of availability | 350.00 |
| 035 ## - SYSTEM CONTROL NUMBER | |
| System control number | EN-128885 |
| 037 ## - SOURCE OF ACQUISITION | |
| Source of stock number/acquisition | DBAD |
| 082 ## - DEWEY DECIMAL CLASSIFICATION NUMBER | |
| Classification number | 613.07 |
| 100 ## - MAIN ENTRY--PERSONAL NAME | |
| Personal name | Matad, Vishwanatha |
| 245 ## - TITLE STATEMENT | |
| Title | Medicomarketing Writing: A Career for Health Science Students |
| Statement of responsibility, etc | Vishwanatha Matad [and] Anusuya Dharman |
| Remainder of title | A Career for Health Science Students/ |
| 250 ## - EDITION STATEMENT | |
| Edition statement | 1 |
| 260 ## - PUBLICATION, DISTRIBUTION, ETC. (IMPRINT) | |
| Place of publication, distribution, etc | Hyderabad |
| Name of publisher, distributor, etc | PharmaMed Press |
| Date of publication, distribution, etc | 2016 |
| 270 ## - ADDRESS | |
| Address | 4-4-316, Giriraj Lane, Sultan Bazar, |
| City | Hyderabad |
| Postal code | 500095 |
| 300 ## - PHYSICAL DESCRIPTION | |
| Extent | xv, 197p. |
| Dimensions | 23m(pb) |
| 650 ## - SUBJECT ADDED ENTRY--TOPICAL TERM | |
| Topical term or geographic name as entry element | Pharmacokinetics. |
| 650 ## - SUBJECT ADDED ENTRY--TOPICAL TERM | |
| Topical term or geographic name as entry element | Drugs |
| General subdivision | Metabolism. |
| 650 ## - SUBJECT ADDED ENTRY--TOPICAL TERM | |
| Topical term or geographic name as entry element | Biopharmaceutics. |
| 650 ## - SUBJECT ADDED ENTRY--TOPICAL TERM | |
| Topical term or geographic name as entry element | Pharmaceutical chemistry. |
| 700 ## - ADDED ENTRY--PERSONAL NAME | |
| Personal name | Dharman, Anusuya |
| Relator term | Author |
| 9 (RLIN) | 82003 |
| 942 ## - ADDED ENTRY ELEMENTS (KOHA) | |
| Source of classification or shelving scheme | Dewey Decimal Classification |
| Item type | English Books |
| Call number suffix | MAT |
| Classification part | 615.07 |
| Withdrawn status | Lost status | Not for loan | Collection code | Home library | Current library | Date acquired | Source of acquisition | Cost, normal purchase price | Full call number | Barcode | Copy number | Cost, replacement price | Koha item type |
|---|---|---|---|---|---|---|---|---|---|---|---|---|---|
| Non-fiction | RC3 Shakur Pur | RC3 Shakur Pur | 13/06/2025 | Delivery of Books Act Division | 350.00 | MAT 615.07 | EN-128885 | 1 | 350.00 | English Books |
